000 00525 a2200169 4500
003 OSt
005 20231103121055.0
008 231103b |||||||| |||| 00| 0 eng d
020 _a9789380081724
040 _coclc
082 _a894.812
_bVAL/M
100 _aVallikunnu, Balakrishnan
_91906
245 _aMappilappattu Padavum Padanavum /
_cBalakrishnan Vallikunnu, Dr. Umer Tharamel
260 _aKerala:
_bOther books,
_c2018.
300 _a315p
942 _2ddc
_cBK
_h894.812
_iVAL/M
_k894.812
_mVAL/M
999 _c42777
_d42777